Ovlivňují české společnosti základ daně transakcemi se zahraničními spřízněnými osobami?

Náčrt techník presúvania príjmov do iných daňových jurisdikcií (s nízkym daňovým zaťažením). Úrokové náklady. Licenčné poplatky. Prevodné ceny. Analýza priemerných hodnôt pomerových ukazovateľov.

Na minha lista:
Detalhes bibliográficos
Autor principal: Hájek, Jan
Formato: Capítulo de Livro
Idioma:tcheco
Assuntos:
Tags: Adicionar Tag
Sem tags, seja o primeiro a adicionar uma tag!

MARC

LEADER 00000naa a2200000 4500
001 0246536
005 20221104112121.9
041 0 |a cze 
044 |a CZ 
245 1 0 |a Ovlivňují české společnosti základ daně transakcemi se zahraničními spřízněnými osobami?  |c Jan Hájek 
520 |a Náčrt techník presúvania príjmov do iných daňových jurisdikcií (s nízkym daňovým zaťažením). Úrokové náklady. Licenčné poplatky. Prevodné ceny. Analýza priemerných hodnôt pomerových ukazovateľov. 
610 2 0 |a Česko 
610 2 0 |a dane z príjmov 
610 2 0 |a dane korporatívne 
610 2 0 |a zaťaženie daňové 
610 2 0 |a ukazovatele pomerové 
100 1 |a Hájek, Jan